[Event "Tournoi Skype 032B"]
[Site "Skype"]
[Date "????.??.??"]
[Round "3.30"]
[White "Bolanos Ocampo, Sandra"]
[Black "Rodriguez, Nathalie"]
[Result "0-1"]
[WhiteElo "1423"]
[BlackElo "1537"]
[PlyCount "74"]

1. e4 e5 2. Nf3 Nc6 3. Bc4 h6 4. Nc3 Nf6 5. O-O d6 6. d3 a6 7. Be3 Be6 8. Bb3
d5 9. exd5 Nxd5 10. Nd4 Nxd4 11. Bxd4 exd4 12. Ne4 Be7 13. h3 O-O 14. c4 dxc3
15. Rb1 cxb2 16. Rxb2 c6 17. Qf3 Qd7 18. Re1 Nb4 19. Bd1 Nxd3 20. Rd2 Nxe1 21.
Rxd7 Nxf3+ 22. Bxf3 Rfe8 23. Rd1 Bxa2 24. Rd2 Bc4 25. Be2 Bxe2 26. Rxe2 Bb4 27.
f3 f5 28. Rb2 c5 29. Nf2 a5 30. Nd1 Re1+ 31. Kf2 Rxd1 32. Ke2 Rad8 33. Ke3 c4
34. Rc2 R8d3+ 35. Kf4 Rd4+ 36. Ke3 f4+ 37. Ke2 R4d2+ 0-1

[Event "Tournoi Skype 032B"]
[Site "Skype"]
[Date "????.??.??"]
[Round "3.31"]
[White "Schuh, David"]
[Black "Vincent, Andre"]
[Result "1/2-1/2"]
[WhiteElo "1422"]
[BlackElo "1533"]
[PlyCount "74"]

1. d4 Nf6 2. Nc3 d5 3. Bf4 c6 4. e3 Bf5 5. Bd3 Bxd3 6. Qxd3 Nbd7 7. Nf3 e6 8.
Ne5 Be7 9. O-O-O Nb6 10. b3 O-O 11. h4 g6 12. e4 dxe4 13. Nxe4 Ba3+ 14. Kb1
Nxe4 15. Qxe4 Qd5 16. Qxd5 cxd5 17. h5 Rfc8 18. hxg6 fxg6 19. Rd3 Rf8 20. g3 a5
21. c3 Rac8 22. Rh2 Rf5 23. b4 a4 24. Bh6 Rh5 25. Rxh5 gxh5 26. f4 Rc7 27. g4
h4 28. f5 exf5 29. gxf5 Nc4 30. Bg5 Nb2 31. Rf3 Nd1 32. f6 Nxc3+ 33. Kc2 Nxa2+
34. Kb1 Nc3+ 35. Kc2 Na2+ 36. Kb1 Nc3+ 37. Kc2 Na2+ 1/2-1/2

[Event "Tournoi Skype 032B"]
[Site "Skype"]
[Date "????.??.??"]
[Round "3.32"]
[White "Hernandez, Ivan"]
[Black "Alarcon Alarcon, Marina"]
[Result "0-1"]
[WhiteElo "1413"]
[BlackElo "1527"]
[PlyCount "103"]

1. e4 e5 2. Bc4 Nf6 3. Qe2 Bc5 4. Nf3 d6 5. O-O Bg4 6. c3 O-O 7. b4 Bb6 8. d3
c6 9. Be3 Nbd7 10. d4 h6 11. g3 Bh5 12. Nbd2 a5 13. d5 cxd5 14. Bxd5 Bxe3 15.
Qxe3 axb4 16. Bxb7 Rb8 17. Bd5 bxc3 18. Qxc3 Nxd5 19. exd5 Nf6 20. Rac1 Nxd5
21. Qc6 Nf4 22. Qc7 Ne2+ 23. Kh1 Nxc1 24. Rxc1 Qxc7 25. Rxc7 Bxf3+ 26. Nxf3
Rbc8 27. Rd7 Rfd8 28. Rb7 Ra8 29. Nh4 g6 30. g4 d5 31. Kg2 Rxa2 32. Kg3 d4 33.
Nf3 e4 34. Nxd4 Rxd4 35. Rb8+ Kg7 36. h4 Rdd2 37. Rb4 Rxf2 38. Rxe4 Rg2+ 39.
Kf4 Raf2+ 40. Ke5 Re2 41. Rxe2 Rxe2+ 42. Kf4 f6 43. g5 hxg5+ 44. hxg5 fxg5+ 45.
Kxg5 Kf7 46. Kh6 Rg2 47. Kh7 g5 48. Kh6 g4 49. Kh5 Kf6 50. Kh4 Kf5 51. Kh5 Kf4
52. Kh4 0-1

[Event "Tournoi Skype 032B"]
[Site "Skype"]
[Date "????.??.??"]
[Round "3.33"]
[White "Guillen Andrinal, Pablo"]
[Black "Valmalette, Alain"]
[Result "0-1"]
[WhiteElo "1411"]
[BlackElo "1513"]
[PlyCount "26"]

1. e4 e5 2. Nf3 Nc6 3. d4 Nf6 4. Nc3 Bb4 5. Bd2 exd4 6. Nd5 Bxd2+ 7. Qxd2 Nxe4
8. Qxd4 Nxd4 9. O-O-O Nxf2 10. Re1+ Ne6 11. Nc3 Nxh1 12. Be2 O-O 13. Rxh1 Nf4
0-1

[Event "Tournoi Skype 032B"]
[Site "Skype"]
[Date "????.??.??"]
[Round "3.34"]
[White "De Souza, Luciano"]
[Black "De Coninck, Philippe"]
[Result "0-1"]
[WhiteElo "1407"]
[BlackElo "1510"]
[PlyCount "51"]

1. Nf3 Nc6 2. c4 Nf6 3. d4 d5 4. g3 Bf5 5. Qb3 Na5 6. Qb5+ Nc6 7. Nbd2 Rb8 8.
Bg2 e6 9. O-O a6 10. Qb3 Be7 11. a3 Ne4 12. cxd5 Qxd5 13. Qxd5 exd5 14. Rd1 O-O
15. Nb3 Rfe8 16. Bf4 Bd6 17. Bxd6 Nxd6 18. Ne5 Bc2 19. Nxc6 bxc6 20. Rdc1 Bxb3
21. Rxc6 Rxe2 22. Rxc7 Rxb2 23. Rc6 Nb5 24. Rxa6 Nxd4 25. Re1 Bc4 26. Kh1 0-1

[Event "Tournoi Skype 032B"]
[Site "Skype"]
[Date "????.??.??"]
[Round "3.35"]
[White "Roberge, Yves"]
[Black "Nontsikelelo, Yvonne"]
[Result "0-1"]
[WhiteElo "1401"]
[BlackElo "1503"]
[PlyCount "40"]

1. e4 e6 2. Nf3 d5 3. d3 dxe4 4. Qe2 exf3 5. Qxf3 Nc6 6. c4 Nd4 7. Qd1 b6 8.
Be3 Bb7 9. Nc3 Ne7 10. Nb5 Nxb5 11. cxb5 Nf5 12. d4 Qh4 13. g3 Bb4+ 14. Ke2 Qe4
15. Qb3 Nxd4+ 16. Kd1 Nxb3 17. axb3 Rd8+ 18. Kc1 Qxh1 19. Kc2 Be4+ 20. Bd3
Bxd3# 0-1

[Event "Tournoi Skype 032B"]
[Site "Skype"]
[Date "????.??.??"]
[Round "3.36"]
[White "Ruiz Aguilera, Juan Jesus"]
[Black "Lai, Mattia"]
[Result "1-0"]
[WhiteElo "1500"]
[BlackElo "1424"]
[PlyCount "49"]

1. e4 d5 2. exd5 Qxd5 3. Nc3 Qa5 4. d4 c6 5. Bd2 Bf5 6. Ne4 Qd5 7. Ng3 e6 8.
Nxf5 Qxf5 9. Bd3 Qd5 10. Nf3 Bd6 11. c4 Qh5 12. c5 Bc7 13. Be2 Nf6 14. Ne5 Qf5
15. Bd3 Ne4 16. f3 Qf6 17. Bxe4 Bxe5 18. dxe5 Qxe5 19. Ba5 Nd7 20. Qd6 Qxb2 21.
Rd1 Rd8 22. Bxd8 Qc3+ 23. Kf2 Qb2+ 24. Kg1 Nxc5 25. Qe7# 1-0

[Event "Tournoi Skype 032B"]
[Site "Skype"]
[Date "????.??.??"]
[Round "3.37"]
[White "Alesse, Samuel"]
[Black "Huerta Lopez, Cesar Rogelio"]
[Result "1/2-1/2"]
[WhiteElo "1400"]
[BlackElo "1498"]
[PlyCount "106"]

1. d4 Nf6 2. Bf4 g6 3. e3 Bg7 4. Nf3 O-O 5. Be2 Re8 6. O-O d6 7. c3 e5 8. dxe5
dxe5 9. Qxd8 Rxd8 10. Nxe5 Be6 11. Bg5 Rd5 12. Bxf6 Bxf6 13. Nf3 Nc6 14. c4 Rd7
15. Nc3 a6 16. Rad1 Rad8 17. Rxd7 Rxd7 18. c5 Bxc3 19. bxc3 Bxa2 20. Rd1 Rxd1+
21. Bxd1 a5 22. Ba4 Bc4 23. e4 Na7 24. e5 Bb5 25. Bb3 a4 26. Bd5 c6 27. Ba2 a3
28. Nd4 Bd3 29. f4 Be4 30. g4 Bd5 31. c4 Be4 32. f5 gxf5 33. gxf5 Kf8 34. Kf2
Nc8 35. Ke3 Bg2 36. f6 Ke8 37. Kf4 Bh3 38. Kg5 Kf8 39. Kh6 Kg8 40. Kg5 Bd7 41.
h4 b6 42. cxb6 Nxb6 43. c5 Na4 44. e6 Bxe6 45. Nxe6 fxe6 46. Bxe6+ Kf8 47. Kh6
Nc3 48. Kxh7 a2 49. Bxa2 Nxa2 50. h5 Kf7 51. h6 Nc3 52. Kh8 Ne4 53. h7 Nxf6
1/2-1/2

[Event "Tournoi Skype 032B"]
[Site "Skype"]
[Date "????.??.??"]
[Round "3.39"]
[White "Molina, Maria Lucia"]
[Black "Reese, Evan"]
[Result "1/2-1/2"]
[WhiteElo "1395"]
[BlackElo "1484"]
[PlyCount "81"]

1. e4 e5 2. Nf3 Nc6 3. Bc4 g6 4. d3 Bg7 5. Ng5 Nh6 6. O-O O-O 7. h3 d6 8. Nc3
a6 9. a3 Ne7 10. Re1 c6 11. b4 b5 12. Bb3 d5 13. exd5 cxd5 14. Bb2 Bb7 15. a4
Qb6 16. axb5 axb5 17. Ne2 Rad8 18. Ng3 d4 19. N3e4 Nef5 20. Nc5 Nh4 21. Nxb7
Qxb7 22. Qg4 N6f5 23. Qe4 Qe7 24. g3 Qxg5 25. Qg4 Qxg4 26. hxg4 Nf3+ 27. Kg2
Nxe1+ 28. Rxe1 Rfe8 29. gxf5 gxf5 30. Ra1 Rd6 31. Ra7 Rf8 32. Kh3 Rg6 33. Bc1
h5 34. Ra5 f4 35. Rxb5 fxg3 36. fxg3 Kh7 37. Bd5 Rc8 38. Be4 Rxc2 39. Bxg6+
fxg6 40. Rc5 Re2 41. Rc7 1/2-1/2

[Event "Tournoi Skype 032B"]
[Site "Skype"]
[Date "????.??.??"]
[Round "3.40"]
[White "Santa Cruz, Oscar Ruben"]
[Black "Munera Garcia, Lina Marcela"]
[Result "0-1"]
[WhiteElo "1393"]
[BlackElo "1478"]
[PlyCount "104"]

1. e4 c5 2. Nf3 d6 3. d4 cxd4 4. Nxd4 Nf6 5. Nc3 a6 6. Be2 e5 7. Nf5 g6 8. Ng3
Bg7 9. O-O O-O 10. Bg5 Qc7 11. Bxf6 Bxf6 12. Nd5 Qd8 13. c4 Nd7 14. Bg4 Bg5 15.
Qf3 Nf6 16. Nh5 gxh5 17. Nxf6+ Qxf6 18. Qxf6 Bxf6 19. Bxh5 Kh8 20. Rad1 Be6 21.
Rxd6 Rad8 22. c5 Rxd6 23. cxd6 Bxa2 24. Bg4 Rd8 25. Rd1 Bb3 26. Rd3 Bc2 27. Rd2
Bxe4 28. Bf3 Bxf3 29. gxf3 Bg5 30. Rd5 b5 31. Kf1 Bf4 32. b4 Bxh2 33. Kg2 Bf4
34. d7 f5 35. Rd6 e4 36. Rxa6 Rxd7 37. Rb6 Rg7+ 38. Kf1 exf3 39. Rxb5 Bd2 40.
Rb8+ Rg8 41. Rxg8+ Kxg8 42. b5 Ba5 43. Kg1 Bb6 44. Kf1 h5 45. Kg1 h4 46. Kf1 h3
47. Kg1 Kg7 48. Kh2 Bxf2 49. Kxh3 Kg6 50. Kh2 f4 51. Kh1 Be3 52. Kh2 Kg5 0-1

[Event "Tournoi Skype 032B"]
[Site "Skype"]
[Date "????.??.??"]
[Round "3.41"]
[White "Mgwevela, Luzuko"]
[Black "Yepez, German"]
[Result "0-1"]
[WhiteElo "1381"]
[BlackElo "1476"]
[PlyCount "70"]

1. e4 e5 2. Bc4 Bc5 3. Nf3 Nc6 4. O-O d6 5. Nc3 a6 6. d3 h6 7. h3 f5 8. Nd5 Nf6
9. b4 Nxb4 10. Nc3 Qe7 11. Nd2 fxe4 12. Ndxe4 Nxe4 13. Nxe4 Bb6 14. Qh5+ Kd7
15. Qg4+ Kd8 16. Qf3 d5 17. Nd2 dxc4 18. dxc4 Nc6 19. Ne4 Be6 20. Rd1+ Kc8 21.
Be3 Nd4 22. Bxd4 Bxd4 23. Rab1 Bxc4 24. g4 Bxa2 25. Rxb7 Bd5 26. Rbb1 Rf8 27.
Qh1 Qf7 28. Rxd4 exd4 29. Qh2 Bxe4 30. Rf1 Qc4 31. Qf4 Rxf4 32. Re1 Qxc2 33.
Rxe4 Qxe4 34. Kf1 Qc2 35. h4 Qxf2# 0-1

[Event "Tournoi Skype 032B"]
[Site "Skype"]
[Date "????.??.??"]
[Round "3.42"]
[White "Ruiz Gomez, Luz Alba"]
[Black "Aghaee, Shirin"]
[Result "1-0"]
[WhiteElo "1472"]
[BlackElo "1400"]
[PlyCount "117"]

1. d4 d5 2. Bf4 Nf6 3. e3 Bf5 4. Nd2 a6 5. c3 e6 6. Ngf3 h6 7. Be2 Nh5 8. Bg3
Nxg3 9. hxg3 Bd6 10. O-O O-O 11. Nh4 Bh7 12. Nhf3 Nd7 13. Qb3 Rb8 14. Rac1 c5
15. Qd1 Qb6 16. Qb3 Qc7 17. c4 cxd4 18. cxd5 Nc5 19. Qc4 b5 20. Qxd4 Rbe8 21.
b4 e5 22. Qg4 e4 23. bxc5 Bxc5 24. Nh4 Qd6 25. Nf5 Bxf5 26. Qxf5 Re5 27. Qg4
Qxd5 28. Nb3 Rg5 29. Rxc5 Qxc5 30. Nxc5 Rxg4 31. Bxg4 f5 32. Bh5 Rc8 33. Nxa6
Kh7 34. Be2 Rc2 35. Bxb5 Rxa2 36. Nc5 Ra5 37. Rb1 h5 38. Ne6 g6 39. Bc4 Kh6 40.
Rb8 g5 41. Rh8+ Kg6 42. Rg8+ Kh6 43. Rxg5 Re5 44. Rg8 Ra5 45. Nf4 Kh7 46. Rg6
Ra8 47. Bd5 Rd8 48. Bc4 Rc8 49. Bb3 Rb8 50. Bf7 Rf8 51. Ba2 Ra8 52. Bc4 Rc8 53.
Be2 h4 54. gxh4 Rg8 55. Rxg8 Kxg8 56. h5 Kg7 57. Ne6+ Kh6 58. g4 fxg4 59. Bxg4
1-0

[Event "Tournoi Skype 032B"]
[Site "Skype"]
[Date "????.??.??"]
[Round "3.43"]
[White "Schllosser, Marcos Antonio"]
[Black "Bland, Marilyn"]
[Result "1/2-1/2"]
[WhiteElo "1328"]
[BlackElo "1468"]
[PlyCount "51"]

1. e4 e5 2. Bc4 d6 3. Nf3 Be6 4. Bb5+ Nc6 5. c3 Nf6 6. O-O Be7 7. d4 a6 8. Ba4
b5 9. Bb3 Bxb3 10. Qxb3 Nxe4 11. d5 Na5 12. Qd1 O-O 13. Qe2 Nf6 14. h3 Nxd5 15.
Qd3 Nf6 16. b4 Nc6 17. Re1 Qd7 18. Nbd2 h6 19. Nf1 Rad8 20. Ng3 Rfe8 21. Nf5
Bf8 22. Bg5 hxg5 23. Nxg5 Ne7 24. Nh4 Ng6 25. Nf5 Ne7 26. Nh4 1/2-1/2

[Event "Tournoi Skype 032B"]
[Site "Skype"]
[Date "????.??.??"]
[Round "3.44"]
[White "Colangelo, Michele"]
[Black "Bendre, Nilesh"]
[Result "1/2-1/2"]
[WhiteElo "1464"]
[BlackElo "1400"]
[PlyCount "42"]

1. e4 c5 2. Nf3 Nc6 3. d4 cxd4 4. Nxd4 e6 5. Nf3 Nf6 6. Nc3 Bb4 7. e5 Nd5 8.
Bd2 d6 9. Nxd5 exd5 10. Bxb4 Nxb4 11. c3 Nc6 12. Qxd5 dxe5 13. Qxd8+ Kxd8 14.
Rd1+ Ke8 15. Bb5 f6 16. Bxc6+ bxc6 17. O-O Ba6 18. Rfe1 Rb8 19. b4 Rc8 20. Rd2
Ke7 21. Red1 Rhe8 1/2-1/2

[Event "Tournoi Skype 032B"]
[Site "Skype"]
[Date "????.??.??"]
[Round "3.47"]
[White "Maccaferri, Massimo"]
[Black "Saglam, Fatma"]
[Result "1-0"]
[WhiteElo "1444"]
[BlackElo "1400"]
[PlyCount "23"]

1. e4 e5 2. Bc4 Nf6 3. Nc3 Bc5 4. Nd5 Nc6 5. d4 exd4 6. Nf3 Nxe4 7. Nxd4 Nxd4
8. Qg4 Ne6 9. Qxe4 O-O 10. Qg4 Nd4 11. Bh6 Kh8 12. Qxg7# 1-0

[Event "Tournoi Skype 032B"]
[Site "Skype"]
[Date "????.??.??"]
[Round "3.48"]
[White "Achicanoy, Yolanda"]
[Black "Bosetti, Giancarlo"]
[Result "1-0"]
[WhiteElo "1443"]
[BlackElo "1389"]
[PlyCount "73"]

1. e4 e5 2. Bc4 Nf6 3. Nc3 c6 4. Nf3 d6 5. O-O Bg4 6. h3 Bh5 7. d3 Nbd7 8. Be3
Be7 9. d4 b5 10. Bb3 d5 11. exd5 Nxd5 12. Ne4 Bg6 13. Ng3 Nxe3 14. fxe3 e4 15.
Nd2 Nf6 16. Qe2 Bd6 17. Nh1 Bf5 18. Nf2 Be6 19. Bxe6 fxe6 20. Nfxe4 Nxe4 21.
Nxe4 Be7 22. Qh5+ g6 23. Qe5 Kd7 24. Rad1 Rf8 25. Nc5+ Bxc5 26. dxc5+ Ke7 27.
Rxd8 Rxf1+ 28. Kxf1 Rxd8 29. Qg7+ Ke8 30. Ke1 Rd5 31. Qh8+ Kf7 32. Qxh7+ Kf6
33. Qh4+ Ke5 34. Qg3+ Kf6 35. b4 a6 36. Qf3+ Ke5 37. Qf4# 1-0

[Event "Tournoi Skype 032B"]
[Site "Skype"]
[Date "????.??.??"]
[Round "3.53"]
[White "Osti, Giorgio"]
[Black "Wildt, Gerti"]
[Result "0-1"]
[WhiteElo "1400"]
[BlackElo "1438"]
[PlyCount "60"]

1. e4 g6 2. Nf3 Bg7 3. Bc4 d6 4. c3 Nc6 5. d4 e6 6. d5 exd5 7. Bg5 Nf6 8. Bxd5
O-O 9. O-O h6 10. Bh4 Ne7 11. Re1 Nexd5 12. exd5 Qd7 13. Nbd2 c6 14. dxc6 bxc6
15. Qa4 Bb7 16. b4 Nd5 17. Rac1 Nf4 18. Kf1 Nd3 19. Re7 Qc8 20. Rd1 Nb2 21. Qc2
Nxd1 22. Qxd1 Ba6+ 23. c4 d5 24. Ke1 dxc4 25. b5 cxb5 26. Qc1 c3 27. Ne4 b4 28.
Nd6 Qc6 29. Qf4 c2 30. Rxf7 c1=Q+ 0-1

[Event "Tournoi Skype 032B"]
[Site "Skype"]
[Date "????.??.??"]
[Round "3.55"]
[White "Pedroso, Adriel"]
[Black "Lecluyse, Koenraad"]
[Result "1-0"]
[WhiteElo "1400"]
[BlackElo "1458"]
[PlyCount "37"]

1. d4 d5 2. Nf3 e6 3. Bf4 Nf6 4. c3 c5 5. e3 Bd6 6. Bxd6 Qxd6 7. h3 O-O 8. Bd3
Nc6 9. Qc2 g6 10. Nbd2 c4 11. Be2 b5 12. a3 Rb8 13. O-O Ne4 14. Nxe4 dxe4 15.
Qxe4 a5 16. Rad1 Bb7 17. d5 Ne7 18. Qh4 exd5 19. Ng5 1-0

[Event "Tournoi Skype 032B"]
[Site "Skype"]
[Date "????.??.??"]
[Round "3.56"]
[White "Grib, Jessica"]
[Black "Melo, Marcelo"]
[Result "0-1"]
[WhiteElo "1437"]
[BlackElo "1400"]
[PlyCount "60"]

1. e4 c6 2. d4 d6 3. Bc4 e6 4. Nf3 h6 5. h4 Nf6 6. Nfd2 b6 7. a4 Bb7 8. b4 Nbd7
9. g4 g6 10. f4 Bg7 11. Bb2 O-O 12. g5 d5 13. Bd3 Nxe4 14. Nxe4 dxe4 15. Bxe4
Qc7 16. Qd2 Rfe8 17. h5 gxh5 18. Rxh5 Ba6 19. gxh6 Nf6 20. Rg5 Nxe4 21. Qh2
Nxg5 22. hxg7 Nf3+ 23. Kf2 Nxh2 24. Kg3 Nf1+ 25. Kg2 Kxg7 26. d5+ f6 27. Na3
Qxf4 28. Bc1 Qg4+ 29. Kf2 exd5 30. Bb2 Re2+ 0-1

[Event "Tournoi Skype 032B"]
[Site "Skype"]
[Date "????.??.??"]
[Round "3.58"]
[White "Cisterna, Manuel"]
[Black "Podesta, Javier"]
[Result "1-0"]
[WhiteElo "1400"]
[BlackElo "1400"]
[PlyCount "69"]

1. d4 d5 2. c4 c6 3. Nc3 Nf6 4. Bg5 a6 5. h4 Ne4 6. Bd2 e6 7. Nxe4 dxe4 8. e3
Bd6 9. h5 h6 10. f3 Nd7 11. fxe4 e5 12. Nf3 Nf6 13. dxe5 Nxe4 14. exd6 c5 15.
Bc1 O-O 16. Bd3 Nxd6 17. Bc2 Ne8 18. Qxd8 b5 19. Be4 Nf6 20. Bxa8 Rxd8 21. Bd2
Bf5 22. Nh4 Bg4 23. Ba5 Rxa8 24. Bc3 Nxh5 25. Rh2 bxc4 26. a4 Re8 27. Kf2 Nf6
28. Rd1 Ne4+ 29. Ke1 Ng3 30. Rd4 h5 31. Nf3 Nf5 32. Rd5 Rxe3+ 33. Kf2 g6 34.
Rd8+ Kh7 35. Rh8# 1-0

[Event "Tournoi Skype 032B"]
[Site "Skype"]
[Date "????.??.??"]
[Round "3.59"]
[White "Clavero, Maria"]
[Black "Trapletti, Cosetta"]
[Result "1-0"]
[WhiteElo "1400"]
[BlackElo "1400"]
[PlyCount "119"]

1. Nf3 c6 2. b3 d5 3. Bb2 Bg4 4. e3 Nd7 5. d4 e6 6. c4 Bd6 7. cxd5 cxd5 8. a3
Qc7 9. g3 Ngf6 10. Nc3 a6 11. Bg2 h6 12. Qe2 Ne4 13. Nxe4 dxe4 14. Rc1 Qa5+ 15.
Qd2 Qb5 16. b4 exf3 17. Bf1 Qb6 18. d5 O-O 19. Qc3 Nf6 20. h3 Bf5 21. Bd3 Bg6
22. e4 e5 23. Bb1 Nxe4 24. Bxe4 Bxe4 25. O-O Bxd5 26. Rcd1 Be4 27. Rfe1 Bg6 28.
Qxf3 Qd8 29. Rxe5 Bxe5 30. Rxd8 Raxd8 31. Bxe5 Rde8 32. Bb2 Re1+ 33. Kg2 b6 34.
Qc3 Be4+ 35. f3 Re2+ 36. Kf1 Bxf3 37. Qxf3 f6 38. Qxe2 a5 39. Qg4 Kf7 40. b5
Rd8 41. a4 Rd2 42. Ba3 Ra2 43. Qd7+ Kg6 44. Qd3+ Kf7 45. Bd6 Rxa4 46. Qd5+ Kg6
47. Kf2 Ra1 48. Qd3+ Kf7 49. Kf3 a4 50. Qc3 Ra2 51. Qc7+ Kg6 52. Qxb6 Ra3+ 53.
Bxa3 h5 54. h4 Kf5 55. Qc5+ Kg6 56. Kf4 Kh6 57. Kf5 g5 58. Qf8+ Kh7 59. Qf7+
Kh6 60. Qg6# 1-0

[Event "Tournoi Skype 032B"]
[Site "Skype"]
[Date "????.??.??"]
[Round "3.60"]
[White "Torres, Vicky"]
[Black "Coraza, Diana"]
[Result "1-0"]
[WhiteElo "1400"]
[BlackElo "1400"]
[PlyCount "75"]

1. e4 e5 2. Nf3 Nc6 3. Bb5 Bc5 4. O-O d6 5. c3 a6 6. Ba4 b5 7. Bc2 Nf6 8. d4
exd4 9. cxd4 Bb6 10. a3 Bg4 11. d5 Nd4 12. Nbd2 Nxc2 13. Qxc2 O-O 14. h3 Bd7
15. Re1 Qc8 16. e5 Nxd5 17. Ne4 dxe5 18. Nxe5 Bf5 19. Nc6 Re8 20. Bg5 h6 21.
Bh4 g5 22. Bg3 Re6 23. Kh1 Qe8 24. Ne5 Rxe5 25. Bxe5 Qxe5 26. Qc6 Rd8 27. Qxh6
Bxe4 28. f3 Qg3 29. Rxe4 Nf4 30. Rxf4 gxf4 31. Qh5 Rd2 32. Qg4+ Qxg4 33. hxg4
Rxb2 34. Kh2 Kg7 35. Kh3 Kg6 36. g3 f5 37. gxf4 fxg4+ 38. fxg4 1-0

[Event "Tournoi Skype 032B"]
[Site "Skype"]
[Date "????.??.??"]
[Round "3.62"]
[White "Tu, Harrison"]
[Black "Coutellier, Olivia"]
[Result "0-1"]
[WhiteElo "1400"]
[BlackElo "1400"]
[PlyCount "34"]

1. d4 e5 2. dxe5 d5 3. Nf3 Nc6 4. e3 Bf5 5. Bb5 a6 6. Bxc6+ bxc6 7. O-O Nh6 8.
b3 Bc5 9. c3 Be4 10. Nbd2 Bd3 11. Re1 Ng4 12. e4 Bxf2+ 13. Kh1 h5 14. Rf1 h4
15. Ng5 Qxg5 16. Nc4 Qf4 17. Qxd3 Qxh2# 0-1

[Event "Tournoi Skype 032B"]
[Site "Skype"]
[Date "????.??.??"]
[Round "3.64"]
[White "Jacinto Sebastian, Carlos Ivan"]
[Black "Carias, Nancy"]
[Result "1-0"]
[WhiteElo "1400"]
[BlackElo "1333"]
[PlyCount "67"]

1. d4 f5 2. Bf4 e6 3. Nc3 c6 4. e3 Nf6 5. Qe2 d6 6. O-O-O b5 7. Qf3 Qc7 8. a4
a6 9. e4 fxe4 10. Nxe4 Nxe4 11. Qxe4 Be7 12. d5 bxa4 13. dxe6 Ra7 14. Ne2 Rb7
15. Nc3 a3 16. b3 a5 17. Bc4 Rb4 18. Nb1 a2 19. Bd2 Rb7 20. Kb2 a4 21. Kxa2
axb3+ 22. cxb3 Ra7+ 23. Kb2 Qb6 24. Nc3 Ra6 25. Na4 Qxf2 26. Rhf1 Qf6+ 27. Bc3
Qh6 28. Bd2 d5 29. Qf5 Qxh2 30. Qf7+ Kd8 31. Bg5 Bxe6 32. Qxe7+ Kc8 33. Qxe6+
Nd7 34. Bxa6+ 1-0

[Event "Tournoi Skype 032B"]
[Site "Skype"]
[Date "????.??.??"]
[Round "3.65"]
[White "Cassano, Mariangela"]
[Black "Baratta, Giuseppe"]
[Result "0-1"]
[WhiteElo "1306"]
[BlackElo "1398"]
[PlyCount "72"]

1. c4 e5 2. d3 Bb4+ 3. Nc3 d6 4. e4 h6 5. Nf3 Nc6 6. Be2 Nf6 7. O-O O-O 8. Bd2
Be6 9. b3 Bxc3 10. Bxc3 Ng4 11. h3 Ne3 12. fxe3 d5 13. Bxe5 Nxe5 14. Nxe5 dxc4
15. Nxc4 Bxc4 16. bxc4 c5 17. d4 Qg5 18. dxc5 Qxe3+ 19. Kh1 Qxe4 20. Bf3 Qxc4
21. Qe2 Qxc5 22. Bxb7 Rae8 23. Qf3 Re6 24. Rae1 Rf6 25. Re4 Rxf3 26. gxf3 Qb6
27. Rfe1 Qxb7 28. Re7 Qxf3+ 29. Kh2 Rb8 30. Re8+ Rxe8 31. Rxe8+ Kh7 32. Re7
Qf2+ 33. Kh1 Qf6 34. Rxa7 Qc6+ 35. Kg1 Qb6+ 36. Kf1 Qxa7 0-1